Responses for show #1787 - Tuesday, May 12, 1992

1992 College Championship semifinal game 2.

Contestants

Nick Jungman, a sophomore from the University of Oklahoma

Glen Cotton, a senior from Louisiana State University

Chris Montplaisir, a senior from the University of North Carolina, Chapel Hill

Jeopardy! Round responses

THE CIVIL WAR
COMIC STRIPS
FASHION
PEOPLE
AROUND THE WORLD
PIG LATIN
    $100 21
a bridge

Chris
    $100 1
Doonesbury

Chris
    $100 6
a boutonniere

Nick
    $100 11
Dan Quayle

Glen
    $100 16
Belgium

Nick
    $100 26
a pig sty

Glen
    $200 22
Sunday

Chris
    $200 2
Sally

Chris
    $200 7
(Glen: What is an eagle?)

an egret

GlenNick
    $200 12
P.T. Barnum

Nick
    $200 17
Japan

Nick
    $200 27
Miss Piggy

Chris
    $300 23
the signing at Appomattox (Lee's surrender)

Nick
    $300 3
Sandy

Chris
    $300 8
a parasol

Nick
    $300 13
(Chris: Who is Webster?)
(Alex: Be more specific.)

Noah Webster

Chris
    $300 18
Mexico City

Glen
    $300 28
(Chris: What is a suckling pig at a [*]? [*]?)
(Alex: Yeah, a suckling pig at a [*]. The [*] is the important part.)
[Laughter]
(Alex: You have a way of turning things around on us, Chris.)

a luau

Chris
    $400 24
(Alex: We've got a minute to go.)

South Carolina

Chris
    $400 4
Dennis the Menace

Nick
    $400 9
stirrup pants

Nick
    $400 14
George Gallup

Nick
    $400 19
(Nick: What is Florence?)
(Glen: What is Milan?)
(Chris: What is Rome?)
...
(Alex: No harm, no foul on that one; each of you lost the same amount of money.)

Venice

ChrisGlenNick
Triple Stumper
    $400 29
[The end-of-round signal sounds.]
(Alex: Thank you Mr. director for not having me read it.)
[Laughter]
(Alex: I'm not very good, as you discovered there, in Pig Latin.)

the Big Bad Wolf

Nick
    $500 25
(Chris: Who is John Brown?)

Quantrill

Chris
Triple Stumper
    $500 5
Mr. Dithers

Chris
    $500 10
(Nick: [Says nothing])

lame

ChrisNick
    $500 15
Ian Fleming

Nick
    $500 20
(Glen: Uh, what is... France?)

Ireland

Glen

Scores at the first commercial break (after clue 15):

Chris Glen Nick
$1,900 -$100 $2,000

Scores at the end of the Jeopardy! Round:

Chris Glen Nick
$2,200 -$600 $2,600

Double Jeopardy! Round responses

U.S. PRESIDENTS
MARINE BIOLOGY
COLLEGES & UNIVERSITIES
MODERN HISTORY
DRAMA
LAW
    $200 1
Ronald Reagan

Chris
    $200 30
blubber

Chris
    $200 3
Trenton

Chris
    $200 15
the ozone

Glen
    $200 2
Babe Ruth

Nick
    $200 21
an annulment

Chris
    $400 11
Teddy Roosevelt

Nick
    $400 29
a heart

Nick
    $400 7
the University of Pennsylvania

Nick
    $400 16
Yasser Arafat

Nick
    $400 4
George Bernard Shaw

Chris
    $400 22
battery

Nick
    $600 12
Thomas Jefferson

Glen
    $1,500 28
cartilage

Chris
    $600 8
Harvard

Chris
    $600 17
the Gulf of Tonkin

Nick
    $1,500 5
Our Town

Chris
    $600 23
a witness

Chris
    $800 13
Jackson

Glen
    $800 27
spawn

Chris
    $800 9
Tuskegee Institute

Nick
    $800 18
Krushchev

Nick
    $800 6
[Nick did not include leading article.]

The Metamorphosis

Nick
    $800 24
a union

Nick
    $1000 14
(Glen: Who is Galileo? Who is [*]?)
(Alex: Yes. When you have trouble with the first and middle names, just give the last one.)

Harding

Glen
    $1000 26
flying fish

Triple Stumper
    $1000 10
Cornell

Glen
    $1000 19
Franco

Chris
    $1000 20
(Alex: You knew that didn't you, Chris?)
(Chris: I did.)

Mourning Becomes Electra

Triple Stumper
    $1000 25
(Alex: That takes us to MARINE BIOLOGY with a minute to go.)

double indemnity

Nick

Scores at the end of the Double Jeopardy! Round:

Chris Glen Nick
$9,400 $3,000 $9,600

[wagering suggestions for these scores]

Final Jeopardy! Round responses

COLONIAL AMERICA
GlenWhat is the Tower of London?
$3,000
ChrisWhat is York?
$8,600
NickWhat is York?
$9,201
York

Final scores:

Chris Glen Nick
$18,000 $0 $18,801
2nd place: $5,000 3rd place: $5,000 Finalist

Game dynamics:

Coryat scores:

Chris Glen Nick
$7,600 $3,500 $9,600
22 R
(including 2 DDs),
2 W
8 R,
3 W
(including 1 DD)
24 R,
2 W

Combined Coryat: $20,700

The J! Archive is created by fans, for fans. The Jeopardy! game show and all elements thereof, including but not limited to copyright and trademark thereto, are the property of Jeopardy Productions, Inc. and are protected under law. This website is not affiliated with, sponsored by, or operated by Jeopardy Productions, Inc. Join the discussion at JBoard.tv.